Pays du monde - Quiz - Statistiques

Statistiques générales
  • Ce quiz a été pris 77 fois
  • Le résultat moyen est 107 sur 196
Statistiques - réponses
Hint Réponse % Correct
Séoul Corée du sud
90%
Pékin Chine
89%
New Dehli Inde
89%
Singapour Singapour
89%
Pyongyang Corée du nord
87%
Tokyo Japon
87%
Mexico Mexique
87%
Ankara Turquie
87%
Jérusalem Israël
85%
Bangkok Thailande
85%
Brasilia Brésil
84%
Ottawa Canada
84%
Koweit Koweit
84%
Panama Panama
84%
Buenos Aires Argentine
82%
Washington D.C Etats-Unis
82%
Canberra Australie
80%
Le Caire Egypte
80%
Paris France
80%
Beyrouth Liban
80%
Damas Syrie
80%
Berlin Allemagne
79%
Andorre-La-Vieille Andorre
79%
La Havane Cuba
79%
Athènes Grèce
79%
Guatemala Guatemala
79%
Bagdad Irak
79%
Rome Italie
79%
Moscou Russie
79%
Alger Algérie
77%
Djibouti Djibouti
77%
Madrid Espagne
77%
Dublin Irlande
77%
Luxembourg Luxembourg
77%
Varsovie Pologne
77%
Lisbonne Portugal
77%
Tunis Tunisie
77%
Vienne Autriche
75%
Bruxelles Belgique
75%
Jakarta Indonésie
75%
Téhéran Iran
75%
Reykjavik Islande
75%
Rabat Maroc
75%
Oslo Norvège
75%
Doha Qatar
75%
San Salvador Salvador
75%
Vatican Vatican
75%
Lima Pérou
74%
Sri Jayawardenepura kotte Sri Lanka
74%
Riyad Arabie Saoudite
72%
Bogota Colombie
72%
Zagreb Croatie
72%
Abou dabi Emirats Arabes Unis
72%
Oulan-Bator Mongolie
72%
Londres Royaume-Uni
72%
Stockholm Suède
72%
Kiev Ukraine
72%
La Paz/Sucre Bolivie
70%
Santiago Chili
70%
Nicosie Chypre
70%
Budapest Hongrie
70%
Manille Philippines
70%
Dakar Sénégal
70%
Hanoï Viet Nam
70%
Copenhague Danemark
69%
Helsinki Finlande
69%
Kuala Lumpur Malaisie
69%
Bamako Mali
69%
Wellington Nouvelle Zélande
69%
Saint-Marin Saint-Marin
69%
Taipei Taiwan
69%
Tallinn Estonie
67%
Riga Lettonie
67%
Vilnius Lituanie
67%
Monaco Monaco
67%
Islamabad Pakistan
67%
Berne Suisse
67%
Caracas Vénézuela
67%
Kaboul Afghanistan
66%
Minsk Bielorussie
66%
Phnom Penh Cambodge
66%
Nairobi Kenya
66%
La Valette Malte
66%
Amsterdam Pays-bas
66%
Pretoria/Le Cap/Bloemfontein Afrique du sud
64%
Tirana Albanie
64%
Bissau Guinée-Bissau
64%
Kingston Jamaïque
64%
Katmandou Népal
64%
Kinshasa République démocratique du Congo
64%
Brazzaville République du Congo
64%
Sao Tomé Sao Tomé-et-Principes
64%
Sofia Bulgarie
62%
Quito Equateur
62%
Tripoli Libye
62%
Montevideo Uruguay
62%
Sarajevo Bosnie-Herzégovine
61%
Port-au-Prince Haiti
59%
Astana Kazakhstan
59%
Bucarest Roumanie
59%
Bratislava Slovaquie
59%
Prague République Tchèque
57%
Sanaa Yemen
57%
Tbilissi Géorgie
56%
Saint-Domingue République Dominicaine
56%
Ljubljana Slovénie
56%
Erevan Arménie
54%
Bakou Azerbaidjan
54%
Yaoundé Cameroun
54%
Chisinau Moldavie
54%
Asuncion Paraguay
54%
Belgrade Serbie
54%
Ouagadougou Burkina Faso
52%
Pristina Kosovo
52%
Skopje Macédoine du Nord
52%
Amman Jordanie
51%
Antananarivo Madagascar
51%
Podgorica Monténégro
51%
San José Costa Rica
49%
Vientiane Laos
49%
Dacca Bangladesh
48%
Managua Nicaragua
48%
Addis-Abeba Ethiopie
46%
Tegucigalpa Honduras
46%
Achgabat Turkménistan
46%
Yamoussoukro Côte d'Ivoire
44%
Bichkek Kirghizistan
44%
Vaduz Liechtenstein
44%
Tachkent Ouzbekistan
44%
Mascate Oman
43%
Conakry Guinée
41%
Khartoum Soudan
41%
Paramaribo Suriname
41%
Bandar Seri Begawan Brunei
39%
Malé Maldives
39%
Niamey Niger
39%
Nassau Bahamas
38%
Belmopan Belize
38%
Nouakchott Mauritanie
38%
Mogadiscio Somalie
38%
Lomé Togo
38%
Thimphou Bhoutan
36%
Libreville Gabon
36%
Georgetown Guyana
36%
Douchanbé Tadjikistan
36%
Naypyidaw Birmanie
34%
Freetown Sierra Leone
34%
Ndjaména Tchad
34%
Dili Timor Orientale
34%
Praia Cap-Vert
33%
Windhoek Namibie
33%
Kigali Rwanda
33%
Castries Sainte-Lucie
33%
Accra Ghana
31%
Abuja Nigéria
31%
Bangui République Centrafricaine
31%
Manama Bahrein
30%
Lilongwe Malawi
30%
Victoria Seychelles
30%
Port d'Espagne Trinité-et-Tobago
30%
Bridgetown Barbade
28%
Roseau Dominique
28%
Porto-Novo Bénin
26%
Moroni Comores
26%
Asmara Erythrée
26%
Port-Louis Maurice
26%
Kampala Ouganda
26%
Apia Samoa
26%
Nuku'Alofa Tonga
26%
Luanda Angola
25%
Suva Fidji
25%
Saint George's Grenade
25%
Malabo Guinée équatoriale
25%
Maputo Mozambique
25%
Port-Moresby Papouasie-Nouvelle-Guinée
25%
Mbabane Eswatini
23%
Banjul Gambie
23%
Monrovia Liberia
23%
Basseterre Saint-Christophe-et-Niévès
23%
Kingstown Saint-Vincent-et-les-Grenadines
23%
Djouba Soudan du sud
23%
Funafuti Tuvalu
23%
Lusaka Zambie
23%
Harare Zimbabwe
23%
Saint John's Antigua-et-Barbuda
21%
Gaborone Botswana
21%
Palikir Micronésie
21%
Dodoma Tanzanie
21%
Yaren Nauru
20%
Honiara Salomon
20%
Port-Vila Vanuatu
20%
Maseru Lesotho
16%
Gitega Burundi
15%
Tarawa Kiribati
15%
Ngerulmud Palaos
15%
Majuro Îles Marshall
13%
Aucun quiz correspondant
Distribution des résultats
% des personnes avec chaque résultat
Percentile par nombre de réponses
Votre historique - résultats
Vous n’avez pas pris ce quiz